000 00349 a2200157 4500
001 186953
020 _a85-86419-04-4
040 _cMagnum
100 _aBandeira, Pedro
240 1 0 _aO primeiro amor de Laurinha
_lpor
245 1 0 _aO primeiro amor de Laurinha
300 _a109
362 0 _a1999
697 _aLITERATURA JUVENIL
942 _cBK
999 _c186953
_d186953